| 000 | 00376nam a2200133Ia 4500 | ||
|---|---|---|---|
| 003 | GCL | ||
| 008 | 140319s9999 xx 000 0 ara d | ||
| 040 |
_aGCL / _cGCL |
||
| 082 | 0 | 4 |
_a394 _bم م |
| 245 | 1 | 0 | _aالمرأة العربية وذكورية الاصالة |
| 260 |
_a[S.N] : _bدار الساقى ، _c1991 |
||
| 300 | _a70 ص | ||
| 490 |
_aبحوث اجتماعية _v0 |
||
| 999 |
_c54913 _d54913 |
||